| 000 | 02553nam a22002417 4500 | ||
|---|---|---|---|
| 999 |
_c1125 _d1125 |
||
| 003 | AR-BaISA | ||
| 005 | 20220930174413.0 | ||
| 007 | ta | ||
| 008 | 220930s2008 ag ad||| |||| 001 0 spa d | ||
| 020 | _a9789876290029 | ||
| 040 |
_bspa _cAR-BaISA |
||
| 082 | 0 | 4 |
_222 _a150.195 L115e |
| 100 | 1 |
_92316 _aLacan, Jacques |
|
| 245 | 1 | 0 |
_aEscritos / _cJacques Lacan |
| 250 | _a2ª ed. | ||
| 260 |
_aBuenos Aires: _bSiglo XXI, _c2008 |
||
| 300 |
_a2 v.: _bil., gráfs. |
||
| 504 | _aBibliografía p.: 885-888. | ||
| 504 | _aÍndice analítico p.: 871-883. | ||
| 505 |
_tTOMO 1: _tObertura de esta recopilación -- _tEl seminario sobre "La carta robada" -- _tDe nuestros antecedentes -- _tMás allá del "Principio de realidad" -- _tEl estadio del espejo como formador de la función del yo [je] tal como se nos revela en la experiencia psicoanalítica -- _tLa agresividad en psicoanálisis -- _tIntroducción teórica a las funciones del psicoanálisis en criminología -- _tAcerca de la causalidad psíquica -- _tEl tiempo lógico y el aserto de certidumbre anticipada. Un nuevo sofisma -- _tIntervención sobre la transferencia -- _tDel sujeto por fin cuestionado -- _tFunción y campo de la palabra y del lenguaje en psicoanálisis -- _tVariantes de la cura-tipo -- _tDe un designio -- _tIntroducción al comentario de Jean Hyppolite sobre la Verneinung de Freud -- _tRespuesta al comentario de Jean Hyppolite sobre la Verneinung de Freud -- _tLa cosa freudiana, o sentido del retorno a Freud en psicoanálisis -- _tEl psicoanálisis y su enseñanza -- _tSituación del psicoanálisis y formación del psicoanalista en 1956 -- _tLa instancia de la letra en el inconsciente o la razón desde Freud _tTOMO 2: _tDe una cuestión preliminar a todo tratamiento posible de la psicosis -- _tLa dirección de la cura y los principios de su poder -- _tObservación sobre el informe de Daniel Lagache: "Psicoanálisis y estructura de la personalidad" -- _tLa significación del falo -- _tEn memoria de Ernest Jones: sobre su teoría del simbolismo -- _tDe un silabario a posteriori -- _tIdeas directivas para un congreso sobre la sexualidad femenina -- _tJuventud de Gide o la letra y el deseo -- _tKant con Sade -- _tSubversión del sujeto y dialéctica del deseo en el inconsciente freudiano -- _tPosición del inconsciente -- _tDel Trieb de Freud y del deseo del psicoanalista -- _tLa ciencia y la verdad -- _tApéndice 2: Comentario hablado sobre la Verneinung de Freud, por Jean Hyppolite -- _tApéndice 1: La metáfora del sujeto |
||
| 650 | 1 | 0 |
_9141 _aPsicoanálisis |
| 942 |
_2ddc _cLI _e22 |
||